San Diego Trolley Stations - Statistics

General Stats
  • This quiz has been taken 17 times
  • The average score is 37 of 78
Answer Stats
UC San Diego Blue Line % Correct
E Street
100%
El Cajon
90%
El Cajon
90%
El Cajon
90%
Santa Fe Depot
80%
Santa Fe Depot
80%
Santee Town Center
80%
12th & Imperial
70%
12th & Imperial
70%
12th & Imperial
70%
County Center/Little Italy
70%
County Center/Little Italy
70%
H Street
70%
Old Town
70%
Old Town
70%
San Ysidro
70%
SDSU
70%
Arnele Avenue
60%
Gaslamp Quarter
60%
Mission San Diego
60%
Stadium
60%
UTC
60%
Balboa Avenue
50%
Courthouse
50%
Fashion Valley
50%
Harborside
50%
Iris Avenue
50%
La Mesa Boulevard
50%
Lemon Grove Depot
50%
Mission Valley Center
50%
Palomar Street
50%
Seaport Village
50%
VA Medical Center
50%
70th Street
40%
8th Street
40%
Amaya Drive
40%
Amaya Drive
40%
Barrio Logan
40%
Beyer Boulevard
40%
Convention Center
40%
Fifth Avenue
40%
Fifth Avenue
40%
Gillespie Field
40%
Grossmont
40%
Grossmont
40%
Hazard Center
40%
Middletown
40%
Middletown
40%
Nobel Drive
40%
Palm Avenue
40%
Park & Market
40%
Park & Market
40%
Spring Street
40%
Tecolote Road
40%
24th Street
30%
25th & Commercial
30%
America Plaza
30%
City College
30%
City College
30%
Civic Center
30%
Civic Center
30%
Clairemont Drive
30%
Encanto/62nd Street
30%
Massachusetts Avenue
30%
Morena/Linda Vista
30%
Pacific Fleet
30%
Rio Vista
30%
UC San Diego Central Campus
30%
Union Grantville
30%
Washington Street
30%
Washington Street
30%
32nd & Commercial
20%
47th Street
20%
Euclid Avenue
20%
Executive Drive
20%
Fenton Parkway
20%
UC San Diego Health East
20%
UC San Diego Health La Jolla
20%
No matching quizzes found
Score Distribution
Percent of People with Each Score
Percentile by Number Answered
Your Score History
You have not taken this quiz